| 000 | 00533nam a22001937a 4500 | ||
|---|---|---|---|
| 999 |
_c8368 _d8368 |
||
| 003 | AR-CdUCM | ||
| 008 | 190325b ||||| |||| 00| 0 spa d | ||
| 040 |
_aMUNICIPALIDAD PROVINCIAL DEL CUSCO _cBIBLIOTECA MUNICIPAL DEL CUSCO |
||
| 082 |
_a869.56 / _bB93 |
||
| 100 |
_aBuona, Eugenio _95210 |
||
| 245 | _aLetánicas / | ||
| 260 |
_aLima : _c1963. |
||
| 300 |
_a16 páginas ; _c27.5 cm. |
||
| 500 | _aDonación familia Nieto. | ||
| 650 |
_aPoesías peruanas _91481 |
||
| 650 |
_aSiglo XX _98 |
||
| 942 |
_2ddc _cLIBROS |
||
| 945 | _azta | ||